000 00417cam a2200169ua 4500
020 _c2.25
041 _amal
_h
082 _a891.8124
_bDAM/MA
100 _aDamodaran, K .
245 _aManushyan /
_cK Damodaran.
_hTextual Documents
260 _aKottayam :
_bSahitya Pravarthaka Co-operative Society ,
_c1964.
300 _a182 ; .
365 _a2.25
504 _a
942 _cBK
999 _c5029
_d5029